| 000 | 00693 a2200229 4500 | ||
|---|---|---|---|
| 999 |
_c200044575 _d15703 |
||
| 001 | 200044575 | ||
| 003 | TR-AnTOB | ||
| 005 | 20220724162840.0 | ||
| 008 | 120312s 2 tu 000 0 | ||
| 020 | _a9786054067299 | ||
| 040 |
_aTR-AnTOB _cTR-AnTOB |
||
| 041 | _atur | ||
| 050 |
_aNA5873.3.H33 _bA55 2000 |
||
| 090 | _aNA5873.3.H33.A55 2000 | ||
| 245 | 0 | 0 |
_aHacı Bayram-ı Veli Camii restorasyon çalışmaları / _ckoordinatör Eren Ural. |
| 264 | 1 |
_aAnkara : _bAnkara Büyükşehir Belediyesi, _c2000. |
|
| 300 |
_a259 s. : _brnk. res. ; _c24 cm |
||
| 610 | 2 | 0 |
_976857 _aHacı Bayram Veli Camii (Ankara, Turkey) |
| 650 | 0 | 0 |
_aCamiler _zTürkiye _zİstanbul _9116089 |
| 942 |
_cBK _2lcc |
||